<?xml version="1.0" encoding="UTF-8"?>
<record
    xmlns:xsi="http://www.w3.org/2001/XMLSchema-instance"
    xsi:schemaLocation="http://www.loc.gov/MARC21/slim http://www.loc.gov/standards/marcxml/schema/MARC21slim.xsd"
    xmlns="http://www.loc.gov/MARC21/slim">

  <leader>00902nam a2200181Ia 4500</leader>
  <controlfield tag="008">151202s9999||||xx |||||||||||||| ||und||</controlfield>
  <datafield tag="082" ind1=" " ind2=" ">
    <subfield code="b">PNVM-121417</subfield>
  </datafield>
  <datafield tag="100" ind1=" " ind2=" ">
    <subfield code="a">&#x92A;&#x93E;&#x930;&#x916;&#x947; &#x92E;.&#x938;/&#x92C;&#x93E;&#x92C;&#x942;&#x930;&#x93E;&#x935;.</subfield>
  </datafield>
  <datafield tag="245" ind1=" " ind2=" ">
    <subfield code="a">&#x930;&#x93E;&#x92E;&#x92F;&#x936;&#x94B;&#x917;&#x93E;&#x925;&#x93E; &#x938;&#x92E;&#x917;&#x94D;&#x930; &#x92A;&#x930;&#x936;&#x941;&#x930;&#x93E;&#x92E; &#x91A;&#x930;&#x93F;&#x924;&#x94D;&#x930; &#x907;&#x924;&#x93F;&#x939;&#x93E;&#x938; &#x935;&#x917;&#x948;&#x930;&#x947;.</subfield>
  </datafield>
  <datafield tag="260" ind1=" " ind2=" ">
    <subfield code="b">"&#x91C;.&#x906;.&#x92E;&#x94B;&#x902;&#x921;&#x915;&#x930;,1183&#x936;&#x93F;&#x935;&#x93E;&#x91C;&#x940;&#x928;&#x917;&#x930;,&#x92A;&#x941;&#x923;&#x947;."</subfield>
  </datafield>
  <datafield tag="260" ind1=" " ind2=" ">
    <subfield code="c">1975</subfield>
  </datafield>
  <datafield tag="300" ind1=" " ind2=" ">
    <subfield code="a">650</subfield>
  </datafield>
  <datafield tag="600" ind1=" " ind2=" ">
    <subfield code="a">&#x92A;&#x93E;&#x930;&#x916;&#x947; &#x92E;.&#x938;/&#x92C;&#x93E;&#x92C;&#x942;&#x930;&#x93E;&#x935;.</subfield>
  </datafield>
  <datafield tag="630" ind1=" " ind2=" ">
    <subfield code="a">&#x930;&#x93E;&#x92E;&#x92F;&#x936;&#x94B;&#x917;&#x93E;&#x925;&#x93E; &#x938;&#x92E;&#x917;&#x94D;&#x930; &#x92A;&#x930;&#x936;&#x941;&#x930;&#x93E;&#x92E; &#x91A;&#x930;&#x93F;&#x924;&#x94D;&#x930; &#x907;&#x924;&#x93F;&#x939;&#x93E;&#x938; &#x935;&#x917;&#x948;&#x930;&#x947;.</subfield>
  </datafield>
  <datafield tag="700" ind1=" " ind2=" ">
    <subfield code="a">&#x92A;&#x93E;&#x930;&#x916;&#x947; &#x92E;.&#x938;/&#x92C;&#x93E;&#x92C;&#x942;&#x930;&#x93E;&#x935;.</subfield>
  </datafield>
  <datafield tag="730" ind1=" " ind2=" ">
    <subfield code="a">&#x930;&#x93E;&#x92E;&#x92F;&#x936;&#x94B;&#x917;&#x93E;&#x925;&#x93E; &#x938;&#x92E;&#x917;&#x94D;&#x930; &#x92A;&#x930;&#x936;&#x941;&#x930;&#x93E;&#x92E; &#x91A;&#x930;&#x93F;&#x924;&#x94D;&#x930; &#x907;&#x924;&#x93F;&#x939;&#x93E;&#x938; &#x935;&#x917;&#x948;&#x930;&#x947;.</subfield>
  </datafield>
  <datafield tag="942" ind1=" " ind2=" ">
    <subfield code="c">BOOK</subfield>
  </datafield>
  <datafield tag="999" ind1=" " ind2=" ">
    <subfield code="c">1351546</subfield>
    <subfield code="d">1351543</subfield>
  </datafield>
  <datafield tag="952" ind1=" " ind2=" ">
    <subfield code="0">0</subfield>
    <subfield code="1">0</subfield>
    <subfield code="4">0</subfield>
    <subfield code="7">0</subfield>
    <subfield code="a">PNVM</subfield>
    <subfield code="b">PNVM</subfield>
    <subfield code="d">2015-06-21</subfield>
    <subfield code="g">0.00</subfield>
    <subfield code="l">0</subfield>
    <subfield code="o">PNVM-121417</subfield>
    <subfield code="p">PNVM-121417</subfield>
    <subfield code="r">2015-12-02 00:00:00</subfield>
    <subfield code="v">0.00</subfield>
    <subfield code="w">2015-12-02</subfield>
    <subfield code="y">BOOK</subfield>
  </datafield>
</record>
